Songs from the First Line(s) - 1980 - Statistics

General Stats
  • This quiz has been taken 114 times
  • The average score is 15 of 30
Answer Stats
Hint Answer % Correct
Songs Yahoo! / Celebration / Yahoo! / This is your celebration / Celebrate good times, come on! / (Let's celebrate) / Celebrate good times, come on! Song Celebration
85%
Songs I don't wanna talk / About things we've gone through / Though it's hurting me / Now it's history / I've played all my cards Artist(s) ABBA
79%
Songs Super Trouper beams are gonna blind me / But I won't feel blue / Like I always do / 'Cause somewhere in the crowd there's you Artist(s) ABBA
79%
Songs Super Trouper beams are gonna blind me / But I won't feel blue / Like I always do / 'Cause somewhere in the crowd there's you Song Super Trouper
74%
Songs A place where nobody dared to go / The love that we came to know / They call it Xanadu / (The days you cried can't be denied) Song Xanadu
74%
Songs Yahoo! / Celebration / Yahoo! / This is your celebration / Celebrate good times, come on! / (Let's celebrate) / Celebrate good times, come on! Artist(s) Kool & The Gang
69%
Songs A place where nobody dared to go / The love that we came to know / They call it Xanadu / (The days you cried can't be denied) Artist(s) Olivia Newton-John / Electric Light Orchestra
67%
Songs I said upside down / You're turning me / You're giving love instinctively / Around and round you're turning me Song Upside Down
65%
Songs Tumble outta bed / And I stumble to the kitchen / Pour myself a cup of ambition / And yawn and stretch / And try to come to life Song 9 To 5
63%
Songs I wake up every mornin', I stumble out of bed / Stretchin' and yawnin', another day ahead / It seems to last forever and time goes slowly by Song Morning Train (Nine To Five)
63%
Songs Tumble outta bed / And I stumble to the kitchen / Pour myself a cup of ambition / And yawn and stretch / And try to come to life Artist(s) Dolly Parton
62%
Songs Come take my hand / You should know me / I've always been in your mind / You know I will be kind / I'll be guiding you Artist(s) Olivia Newton-John
59%
Songs I don't wanna talk / About things we've gone through / Though it's hurting me / Now it's history / I've played all my cards Song The Winner Takes It All
58%
Songs I said upside down / You're turning me / You're giving love instinctively / Around and round you're turning me Artist(s) Diana Ross
53%
Songs Do you remember a guy that's been / In such an early song / I've heard a rumour from Ground Control / Oh no, don't say it's true Artist(s) David Bowi
52%
Songs Oh! Let's go! / Steve walks warily down the street / With the brim pulled way down low / Ain't no sound but the sound of his feet Artist(s) Queen
47%
Songs Oh! Let's go! / Steve walks warily down the street / With the brim pulled way down low / Ain't no sound but the sound of his feet Song Another One Bites The Dust
46%
Songs Some say, "Love. It is a river / That drowns the tender reed" / Some say, "Love. It is a razor / That leaves your soul to bleed" Song The Rose
42%
Songs Uh-huh make me tonight / Tonight / Make it right / Uh-huh make me tonight / Tonight / Tonight / Oh, uh-huh make it magnificent Artist(s) Blondie
41%
Songs Colour me your colour, baby / Colour me your car / Colour me your colour, darling / I know who you are / Come up off your colour chart Artist(s) Blondie
41%
Songs Colour me your colour, baby / Colour me your car / Colour me your colour, darling / I know who you are / Come up off your colour chart Song Call Me
38%
Songs Some say, "Love. It is a river / That drowns the tender reed" / Some say, "Love. It is a razor / That leaves your soul to bleed" Artist(s) Bette Midler
37%
Songs I wake up every mornin', I stumble out of bed / Stretchin' and yawnin', another day ahead / It seems to last forever and time goes slowly by Artist(s) Sheena Easton
32%
Songs Lady, I'm your knight in shining armor and I love you / You have made me what I am and I am yours Artist(s) Kenny Rogers
30%
Songs Lady, I'm your knight in shining armor and I love you / You have made me what I am and I am yours Song Lady
30%
Songs Geno! Geno! Geno! Geno! Geno! / Back in '68 in a sweaty club / Oh, Geno / Before Jimmy's Machine and The Rocksteady Rub Song Geno
28%
Songs Do you remember a guy that's been / In such an early song / I've heard a rumour from Ground Control / Oh no, don't say it's true Song Ashes To Ashes
23%
Songs Geno! Geno! Geno! Geno! Geno! / Back in '68 in a sweaty club / Oh, Geno / Before Jimmy's Machine and The Rocksteady Rub Artist(s) Dexys Midnight Runners
23%
Songs Uh-huh make me tonight / Tonight / Make it right / Uh-huh make me tonight / Tonight / Tonight / Oh, uh-huh make it magnificent Song Atomic
20%
Songs Come take my hand / You should know me / I've always been in your mind / You know I will be kind / I'll be guiding you Song Magic
8%
No matching quizzes found
Score Distribution
Percent of People with Each Score
Percentile by Number Answered
Your Score History
You have not taken this quiz